000 00265nam a2200097Ia 4500
008 241105s9999 xx 000 0 und d
041 _aeng
100 _aPadhye Amruta
245 _aLandscape Development Proposal For Anandwan
260 _bM Arch Landscape, Pune
_c2014
999 _c360970
_d360970